Countries with B in Their Name - Statistics

General Stats
  • This quiz has been taken 1,826 times
    1,789 since last reset
  • The average score is 39 of 45
Answer Stats
Continent Country % Correct
South America Bolivia
97%
South America Brazil
97%
North America Bahamas
96%
North America Barbados
96%
Europe Belgium
96%
North America Belize
95%
Europe Bosnia and Herzegovina
95%
Asia Bhutan
94%
Africa Botswana
94%
Asia Bahrain
93%
Asia Bangladesh
93%
Europe Belarus
93%
Europe Bulgaria
93%
Asia Brunei
92%
Africa Burundi
91%
Africa Benin
89%
South America Colombia
89%
Africa Burkina Faso
88%
Africa Zimbabwe
88%
Africa Democratic Republic of the Congo
87%
Africa Libya
87%
Africa Zambia
87%
Asia Cambodia
86%
North America Cuba
86%
Africa Gambia
85%
Africa Liberia
85%
Africa Djibouti
84%
Africa Namibia
84%
North America Antigua and Barbuda
82%
Asia Lebanon
82%
Africa Mozambique
82%
Africa Republic of the Congo
82%
Africa Central African Republic
81%
North America Dominican Republic
81%
Africa Gabon
81%
Europe Albania
80%
Asia Azerbaijan
80%
Europe Serbia
80%
Oceania Kiribati
79%
Europe Luxembourg
79%
Asia Uzbekistan
79%
North America Trinidad and Tobago
78%
Africa Guinea-Bissau
77%
Asia Saudi Arabia
73%
Asia United Arab Emirates
72%
No matching quizzes found
Score Distribution
Percent of People with Each Score
Percentile by Number Answered
Your Score History
You have not taken this quiz since the last reset